[Event "Pfalz op 2nd"]
[Site "Neustadt an der Weinstrasse"]
[Date "2009.02.16"]
[Round "2"]
[White "Yemelin, Vasily"]
[Black "Jacob, Volker"]
[Result "1/2-1/2"]
[WhiteElo "2578"]
[BlackElo "2267"]
[PlyCount "85"]
[EventDate "2009.02.15"]
[EventType "swiss"]
[EventRounds "9"]
[EventCountry "GER"]
[SourceTitle "CBM 128 Extra"]
[Source "ChessBase"]
[SourceDate "2009.03.05"]
[SourceVersion "2"]
[SourceVersionDate "2009.03.25"]
[SourceQuality "1"]

1. d4 Nf6 2. Bg5 e6 3. Nd2 h6 4. Bh4 d5 5. e3 Be7 6. Bd3 b6 7. c3 Bb7 8. Bxf6 Bxf6 9. f4 Nd7 10. Ngf3 Qe7 11. a4 c5 12. a5 c4 13. Bc2 b5 14. a6 Bc6 15. 0-0 Nb6 16. Ne5 Bxe5 17. fxe5 0-0-0 18. b3 f6 19. Nf3 f5 20. bxc4 Nxc4 21. Qe2 g5 22. Nd2 h5 23. Nb3 Rdf8 24. Na5 Qc7 25. Nxc6 Qxc6 26. Bd3 Kc7 27. Rfb1 Rb8 28. Bxc4 Qxc4 29. Qd2 Kd7 30. Ra3 Rb6 31. Rb4 Qc6 32. Qe2 g4 33. Qa2 Ke7 34. Kf2 h4 35. Ke2 Rhb8 36. Kd2 Qc8 37. Qa1 Qh8 38. Qf1 Qh6 39. Kd3 Kd7 40. Qf2 Kc6 41. Rb1 Rf8 42. Rf1 Kd7 43. Qf4 1/2-1/2

[Event "Parla op 22nd"]
[Site "Parla"]
[Date "2007.09.07"]
[Round "7"]
[White "Serrano Salvador, Eduardo"]
[Black "Jacob, Volker"]
[Result "1-0"]
[WhiteElo "2354"]
[BlackElo "2262"]
[PlyCount "61"]
[EventDate "2007.09.01"]
[EventType "swiss"]
[EventRounds "9"]
[EventCountry "ESP"]
[SourceTitle "CBM 120 Extra"]
[Source "ChessBase"]
[SourceDate "2007.11.01"]
[SourceVersion "1"]
[SourceVersionDate "2007.11.01"]
[SourceQuality "1"]

1. d4 Nf6 2. Nf3 g6 3. c4 Bg7 4. Nc3 0-0 5. e4 d6 6. Be2 e5 7. 0-0 Nc6 8. d5 Ne7 9. b4 a5 10. bxa5 c5 11. dxc6 Nxc6 12. Rb1 Qxa5 13. Rb5 Qd8 14. Be3 h6 15. Qc2 Be6 16. Rxb7 Qc8 17. Rb6 Ng4 18. Nd5 Nxe3 19. fxe3 Ra7 20. Rfb1 Qa8 21. R1b2 Rc8 22. Qb1 Bf8 23. R6b5 Ra3 24. Nb6 Qa7 25. Nxc8 Qxe3+ 26. Kh1 Bxc8 27. R5b3 Rxb3 28. axb3 Nb4 29. Qe1 Bb7 30. Qxb4 Qc1+ 31. Ng1 1-0